Southville International School and Colleges
Your cart is empty.
  • Cart
  • Lists
    Public lists Eva Luna New books Lux_list list_1
    Your lists Log in to create your own lists
  • Log in to your account
  • Your cookies
  • Search history
Southville International School and Colleges
  • Advanced search
  • Recent comments
  • Most popular
  • Libraries

Log in to your account

Log in with GOOGLE


If you do not have an external account, but do have a local account, you can still log in:

  1. Home
  2. MARC view: Realms of gold :
Normal view MARC view ISBD view

Realms of gold : (Record no. 288490)

[ view plain ]
MARC details
000 -LEADER
fixed length control field 00729cam a22002411 4500
001 - CONTROL NUMBER
control field 278833
003 - CONTROL NUMBER IDENTIFIER
control field PILC
005 - DATE AND TIME OF LATEST TRANSACTION
control field 20150826074022.0
008 - FIXED-LENGTH DATA ELEMENTS--GENERAL INFORMATION
fixed length control field 720107s1963 ctua 000 0 eng
010 ## - LIBRARY OF CONGRESS CONTROL NUMBER
LC control number 63016278
040 ## - CATALOGING SOURCE
Original cataloging agency DLC
Transcribing agency DLC
Modifying agency DLC
043 ## - GEOGRAPHIC AREA CODE
Geographic area code e-gr---
050 00 - LIBRARY OF CONGRESS CALL NUMBER
Classification number DF 220
Item number .T784 1963
082 00 - DEWEY DECIMAL CLASSIFICATION NUMBER
Classification number 914.95
100 1# - MAIN ENTRY--PERSONAL NAME
Personal name Treble, H. A.
245 10 - TITLE STATEMENT
Title Realms of gold :
Remainder of title an illustrated survey of english literature /
Statement of responsibility, etc H. A. Treble, G. H. Vallins.
260 ## - PUBLICATION, DISTRIBUTION, ETC. (IMPRINT)
Place of publication, distribution, etc London :
Name of publisher, distributor, etc Collins Clear-Type Press,
Date of publication, distribution, etc 1963.
300 ## - PHYSICAL DESCRIPTION
Extent 313 pages :
Other physical details illustrations ;
Dimensions 22 cm.
500 ## - GENERAL NOTE
General note Includes index.
651 #0 - SUBJECT ADDED ENTRY--GEOGRAPHIC NAME
Geographic name Greece
General subdivision Description and travel.
906 ## - LOCAL DATA ELEMENT F, LDF (RLIN)
a 7
b cbc
c orignew
d u
e ocip
f 19
g y-gencatlg
942 ## - ADDED ENTRY ELEMENTS (KOHA)
Source of classification or shelving scheme Library of Congress Classification
Koha item type Books
Holdings
Withdrawn status Lost status Source of classification or shelving scheme Damaged status Home library Current library Shelving location Date acquired Source of acquisition Total Checkouts Full call number Barcode Date last seen Price effective from Koha item type
    Library of Congress Classification   Archives Archives   08/26/2015 Donation   DF 220 .T784 1963 C19789 05/15/2018 08/26/2015 Books

Realms of gold :

APA

Treble H. A., . (1963). Realms of gold. London: Collins Clear-Type Press.

Chicago

Treble H A, . 1963. Realms of gold. London: Collins Clear-Type Press.

Harvard

Treble H. A., . (1963). Realms of gold. London: Collins Clear-Type Press.

MLA

Treble H A, . Realms of gold. London: Collins Clear-Type Press. 1963.

  • Place hold
  • Print
  • Cite
  • Add to your cart (remove)
  • Save record
    BIBTEX Dublin Core MARCXML MARC (non-Unicode/MARC-8) MARC (Unicode/UTF-8) MARC (Unicode/UTF-8, Standard) MODS (XML) RIS
  • More searches
    Search for this title in:
    Other Libraries (WorldCat) Other Databases (Google Scholar) Online Stores (Bookfinder.com) Open Library (openlibrary.org)

Exporting to Dublin Core...

SOUTHVILLE LIBRARY

Southville International School and Colleges Library

1281 Tropical Ave. Cor. Luxembourg St., BF Homes International, Las Pinas City

Tel. No. 8256374 / 252358 Loc. 117/146

Powered by Koha